000 00591nam a22001937a 4500
005 20251108163353.0
008 250721s2010 xx 000 0 ara d
082 1 4 _a813.009/صال
100 1 _aصالح، هيا
_eمؤلف
245 1 0 _aالمرجع وظلاله: قراءات في روايات من الأردن /
264 1 _aعمان :
_bوزارة الثقافة،
_c2010.
300 _a144ص.
650 1 7 _aالأدب العربي
650 1 7 _aالروايات العربية
650 1 7 _aالأردن
650 1 7 _aالنقد الأدبي
942 _2ddc
_cBK
999 _c985
_d985